[Event "27th Czech Open A 2016"]
[Site "Pardubice CZE"]
[Date "2016.07.25"]
[Round "4.20"]
[White "Makoto, Rodwell"]
[Black "Puranik, Abhimanyu"]
[Result "0-1"]
[WhiteTitle "IM"]
[BlackTitle "IM"]
[WhiteElo "2406"]
[BlackElo "2475"]
[WhiteFideId "11000120"]
[BlackFideId "5061245"]
[EventDate "2016.07.22"]

1. d4 Nf6 2. c4 g6 3. g3 Bg7 4. Bg2 d5 5. cxd5 Nxd5 6. Nf3 Nb6 7. Nc3 Nc6 8. O-O
O-O 9. d5 Na5 10. e4 c6 11. Bf4 cxd5 12. Nxd5 Nxd5 13. exd5 Bxb2 14. d6 exd6 15.
Rb1 Bf6 16. Bxd6 Re8 17. Bf4 Bf5 18. Rb5 Bd3 19. Bc7 Qxc7 20. Qxd3 Rad8 21. Rd5
b6 22. h4 Rxd5 23. Qxd5 Qc5 24. Qd3 h5 25. Rd1 Rd8 26. Qe2 Rxd1+ 27. Qxd1 Nc4
28. Qd7 b5 29. Nd2 Nxd2 30. Qxd2 Bd4 31. Be4 Qe5 32. Qd3 f5 33. Bg2 a5 34. Bf1
Kg7 35. Be2 b4 36. Kg2 a4 37. Bd1 Qd5+ 38. Bf3 Qc5 39. Bd1 b3 40. axb3 a3 41. b4
Qxb4 42. Bb3 Qc3 43. Qxc3 Bxc3 44. f3 Be1 0-1

[Event "27th Czech Open A 2016"]
[Site "Pardubice CZE"]
[Date "2016.07.25"]
[Round "4.21"]
[White "Kathmale, Sameer"]
[Black "Satyapragyan, Swayangsu"]
[Result "1/2-1/2"]
[WhiteTitle "IM"]
[BlackTitle "IM"]
[WhiteElo "2298"]
[BlackElo "2467"]
[WhiteFideId "5024498"]
[BlackFideId "5004306"]
[EventDate "2016.07.22"]

1. e4 e5 2. Nf3 Nc6 3. Bc4 Nf6 4. d3 Be7 5. O-O O-O 6. Bb3 d6 7. c3 Na5 8. Bc2
c5 9. Re1 Nc6 10. Nbd2 Re8 11. Nf1 h6 12. Ng3 Bf8 13. h3 Be6 14. d4 cxd4 15.
cxd4 exd4 16. Nxd4 Nxd4 17. Qxd4 Rc8 18. Ba4 Nd7 19. Be3 a6 20. Qd2 b5 21. Bd1
Qh4 22. b3 Ne5 23. Kh2 d5 24. f4 Nc6 25. Qf2 Bb4 26. Bd2 dxe4 27. Rxe4 Bxd2 28.
Qxd2 Red8 29. Qf2 Bd5 30. Re2 Nb4 1/2-1/2

[Event "27th Czech Open A 2016"]
[Site "Pardubice CZE"]
[Date "2016.07.25"]
[Round "4.22"]
[White "Roy, Prantik"]
[Black "Frolov, Artur"]
[Result "1/2-1/2"]
[WhiteTitle "IM"]
[BlackTitle "IM"]
[WhiteElo "2403"]
[BlackElo "2455"]
[WhiteFideId "5035120"]
[BlackFideId "14100134"]
[EventDate "2016.07.22"]

1. d4 Nf6 2. Bg5 Ne4 3. Bf4 c5 4. f3 Qa5+ 5. c3 Nf6 6. d5 d6 7. e4 g6 8. Na3
Nbd7 9. Nc4 Qc7 10. a4 Bg7 11. Bd3 O-O 12. Ne2 Ne5 13. Qd2 Nxd3+ 14. Qxd3 Nd7
15. O-O b6 16. Qd2 Ba6 17. Na3 Ne5 18. Bxe5 Bxe5 19. c4 Bc8 20. f4 Bg7 21. Nb5
Qd8 22. Rae1 a6 23. Nbc3 Ra7 24. Ng3 e6 25. e5 Re8 26. exd6 Qxd6 27. f5 Qd8 28.
fxe6 fxe6 29. d6 Bd4+ 30. Kh1 Qxd6 31. Nge4 Qd8 32. a5 bxa5 33. Na4 Rf8 34.
Naxc5 Bxc5 35. Qxd8 Rxd8 36. Nxc5 Rf7 37. Kg1 Rxf1+ 38. Kxf1 Rd2 39. b3 Kf7 40.
Ra1 Rb2 41. Rxa5 Ke7 42. Ra3 g5 43. Nxa6 Bb7 44. g3 Rxh2 45. Nc5 Bf3 46. b4 g4
47. Re3 Rc2 48. Nxe6 Rxc4 49. Ng5+ Kd7 50. Nxf3 gxf3 51. Rb3 h5 52. Rxf3 Rxb4
53. Kg2 h4 54. gxh4 Rxh4 1/2-1/2

[Event "27th Czech Open A 2016"]
[Site "Pardubice CZE"]
[Date "2016.07.25"]
[Round "4.23"]
[White "Nabaty, Tamir"]
[Black "Chekletsov, Ilya"]
[Result "1-0"]
[WhiteTitle "GM"]
[BlackTitle "FM"]
[WhiteElo "2622"]
[BlackElo "2223"]
[WhiteFideId "2809052"]
[BlackFideId "24177156"]
[EventDate "2016.07.22"]

1. d4 Nf6 2. Bf4 e6 3. e3 b6 4. Be2 Bb7 5. Bf3 Bxf3 6. Qxf3 d5 7. Nd2 Bd6 8. Ne2
Bxf4 9. Nxf4 Nbd7 10. O-O-O O-O 11. g4 c6 12. g5 Ne8 13. Qg3 Qe7 14. e4 dxe4 15.
Nxe4 Rd8 16. Rde1 Nd6 17. Nxd6 Qxd6 18. Ng6 Qxg3 19. Ne7+ Kh8 20. hxg3 g6 21.
Nxc6 Ra8 22. f4 Rfc8 23. Ne5 Nxe5 24. fxe5 Kg7 25. Kd2 Rc7 26. Kd3 b5 27. c3 Rh8
28. b3 Rhc8 29. Rc1 Rb7 30. Rc2 Rbc7 31. c4 bxc4+ 32. Rxc4 Rxc4 33. bxc4 Rb8 34.
c5 Kf8 35. c6 Ke7 36. Rc1 Rh8 37. c7 Kd7 38. d5 exd5 39. Kd4 Kc8 40. Rf1 Kxc7
41. Rxf7+ Kb6 42. e6 Re8 43. Kxd5 Rd8+ 44. Rd7 1-0

[Event "27th Czech Open A 2016"]
[Site "Pardubice CZE"]
[Date "2016.07.25"]
[Round "4.24"]
[White "Jakubowski, Krzysztof"]
[Black "Tunik, Gennady"]
[Result "1-0"]
[WhiteTitle "GM"]
[BlackTitle "GM"]
[WhiteElo "2557"]
[BlackElo "2390"]
[WhiteFideId "1112848"]
[BlackFideId "4101219"]
[EventDate "2016.07.22"]

1. e4 c5 2. Nf3 e6 3. d4 cxd4 4. Nxd4 a6 5. Nc3 Qc7 6. Bd3 Nc6 7. Nxc6 bxc6 8.
O-O Nf6 9. f4 d5 10. Qf3 Be7 11. Kh1 O-O 12. b3 Bb7 13. Bb2 Rfe8 14. Qh3 h6 15.
e5 Nd7 16. f5 Bg5 17. fxe6 fxe6 18. Qh5 Nxe5 19. Nb5 cxb5 20. Bxe5 Qxe5 21. Qf7+
Kh8 22. Qg6 Qe4 23. Bxe4 dxe4 24. Rf7 1-0

[Event "27th Czech Open A 2016"]
[Site "Pardubice CZE"]
[Date "2016.07.25"]
[Round "4.25"]
[White "Batchimeg, Tuvshintugs"]
[Black "Stocek, Jiri"]
[Result "0-1"]
[WhiteTitle "IM"]
[BlackTitle "GM"]
[WhiteElo "2391"]
[BlackElo "2550"]
[WhiteFideId "4900839"]
[BlackFideId "304760"]
[EventDate "2016.07.22"]

1. d4 e6 2. c4 Bb4+ 3. Bd2 a5 4. g3 d6 5. Bg2 Nc6 6. Nf3 e5 7. Bxb4 axb4 8. O-O
Nf6 9. d5 Ne7 10. Qd2 c5 11. dxc6 Nxc6 12. Rd1 Be6 13. b3 O-O 14. Qb2 Ne4 15.
Nfd2 Nc5 16. Ne4 Nxe4 17. Bxe4 f5 18. Bxc6 bxc6 19. Nd2 c5 20. Nf3 Qe7 21. a3 e4
22. Nd2 bxa3 23. Rxa3 Rad8 24. Qc3 f4 25. Nxe4 Bf5 26. f3 Bxe4 27. fxe4 fxg3 28.
hxg3 Qxe4 29. Ra7 Qg4 30. Re7 Rf6 31. Rf1 Rxf1+ 32. Kxf1 Qg5 33. Qe3 Qxe3 34.
Rxe3 Kf7 35. Ke1 h5 36. Rd3 g6 37. Rd5 Ke6 38. Rg5 Kf7 39. Rd5 Rb8 40. Rd3 Ke6
41. Kf2 Rf8+ 42. Ke3 g5 43. Ke4 Rf2 44. Ke3 Rf8 45. Ke4 Rf2 46. Ke3 Rf5 47. Rd1
h4 48. gxh4 gxh4 49. Rh1 Rh5 50. Rh3 Kf5 51. Kf3 Rh6 52. Kg2 Rg6+ 53. Kf2 Kg4
54. Re3 Kf4 55. Rf3+ Kg4 56. Re3 Rh6 57. Kg2 Rf6 58. Re8 Rg6 59. Kh2 Kf4 60. Kh3
Rg3+ 61. Kxh4 Rxb3 62. Re6 Rc3 63. Rxd6 Rxc4 64. Kh3 Ke3 65. Re6+ Re4 66. Rxe4+
Kxe4 67. Kg2 Ke3 68. Kf1 Kd2 0-1

[Event "27th Czech Open A 2016"]
[Site "Pardubice CZE"]
[Date "2016.07.25"]
[Round "4.26"]
[White "Chigaev, Maksim"]
[Black "Soumya, Swaminathan"]
[Result "1-0"]
[WhiteTitle "IM"]
[BlackTitle "WGM"]
[WhiteElo "2549"]
[BlackElo "2370"]
[WhiteFideId "4108116"]
[BlackFideId "5016193"]
[EventDate "2016.07.22"]

1. e4 c5 2. Nf3 Nc6 3. Bb5 e6 4. Bxc6 bxc6 5. d3 Ne7 6. Qe2 Qc7 7. Nh4 h6 8. g3
g5 9. Ng2 Bg7 10. O-O d5 11. c4 Ba6 12. Nd2 O-O-O 13. Nb3 dxc4 14. dxc4 Bd4 15.
Be3 Qe5 16. Qc2 f5 17. Rfe1 Qxe4 18. Nxd4 cxd4 19. Qa4 dxe3 20. Qxa6+ Kd7 21.
Rxe3 Qd4 22. Rae1 Rh7 23. Qb7+ Ke8 24. Rxe6 Qd7 25. Qxc6 Qxc6 26. Rxc6 Rd7 27.
Rc5 Kd8 28. Ne3 Rf7 29. Rd1 Rxd1+ 30. Nxd1 Kd7 31. Ne3 Kd6 32. Ra5 f4 33. Nc2
Nc6 34. Rd5+ Kc7 35. Kf1 fxg3 36. hxg3 Re7 37. Nd4 Nxd4 38. Rxd4 Kc6 39. Rd5 Re4
40. b3 a6 41. Rf5 Re6 42. a4 Kb7 43. a5 Kc7 44. Rf7+ Kc8 45. g4 Re5 46. Rf5 Re6
47. f3 Re3 48. b4 Rc3 49. Rf6 Rxc4 50. Rxa6 Rxb4 51. Rxh6 Ra4 52. a6 Kd7 53. a7
Kc7 54. Rh8 Rxa7 55. Rh7+ Kb6 56. Rxa7 Kxa7 57. f4 1-0

[Event "27th Czech Open A 2016"]
[Site "Pardubice CZE"]
[Date "2016.07.25"]
[Round "4.27"]
[White "Kourousis, Epaminondas"]
[Black "Lintchevski, Daniil"]
[Result "1/2-1/2"]
[WhiteTitle "IM"]
[BlackTitle "GM"]
[WhiteElo "2382"]
[BlackElo "2548"]
[WhiteFideId "4211626"]
[BlackFideId "4171055"]
[EventDate "2016.07.22"]

1. d4 Nf6 2. Nf3 b6 3. g3 Bb7 4. Bg2 c5 5. c4 cxd4 6. Qxd4 Nc6 7. Qf4 g6 8. Nc3
Bg7 9. O-O O-O 10. Qh4 Rc8 11. Bh6 Na5 12. b3 Rc5 13. Bxg7 Kxg7 14. Rfd1 Qa8 15.
Qf4 d6 16. Qe3 Re8 17. Ne1 Rh5 18. Bf3 Bxf3 19. Nxf3 Qb7 20. Rd2 Rc8 21. Rad1
Rcc5 22. Nd5 Nxd5 23. cxd5 Rhxd5 24. b4 Nc4 25. Qc3+ Kg8 26. bxc5 Nxd2 27. Rxd2
Rxc5 28. Qe3 b5 29. Rd4 h5 30. Qh6 Qa8 31. Kg2 a5 32. e4 Qf8 33. Qxf8+ Kxf8 34.
Rd5 a4 35. Rxc5 dxc5 36. Ne5 Ke8 37. Kf3 b4 38. Nc4 a3 39. Ke3 b3 40. Nxa3 bxa2
41. Nc2 Kd7 42. Kd3 Kd6 43. f4 e5 44. Kc4 h4 45. Kb3 hxg3 46. hxg3 exf4 47. gxf4
g5 48. fxg5 Ke5 49. Kxa2 Kxe4 1/2-1/2

[Event "27th Czech Open A 2016"]
[Site "Pardubice CZE"]
[Date "2016.07.25"]
[Round "4.28"]
[White "Babula, Vlastimil"]
[Black "Jasny, Stanislav"]
[Result "1-0"]
[WhiteTitle "GM"]
[BlackTitle "IM"]
[WhiteElo "2540"]
[BlackElo "2367"]
[WhiteFideId "301264"]
[BlackFideId "311030"]
[EventDate "2016.07.22"]

1. d4 Nf6 2. c4 g6 3. Nc3 Bg7 4. e4 d6 5. Nf3 O-O 6. Be2 e5 7. O-O Nc6 8. d5 Ne7
9. b4 a5 10. Ba3 b6 11. bxa5 Nh5 12. g3 f5 13. Bb4 bxa5 14. Ba3 Nf6 15. Nd2 Bh6
16. Bd3 f4 17. c5 Bh3 18. Nc4 fxg3 19. hxg3 Bxf1 20. Bxf1 Nc8 21. Bh3 Ne8 22.
Qe2 Qf6 23. Kg2 Bg5 24. Rb1 h5 25. Rb7 dxc5 26. Rb5 Ncd6 27. Rxc5 Rb8 28. Rc6
Qg7 29. Na4 Be7 30. Nd2 Nb5 31. Bxe7 Qxe7 32. Rxg6+ Ng7 33. Qxh5 Nd4 34. Bf5
Nxf5 35. exf5 e4 36. Nc3 e3 37. Nde4 e2 38. Ng5 e1=N+ 39. Kf1 1-0

[Event "27th Czech Open A 2016"]
[Site "Pardubice CZE"]
[Date "2016.07.25"]
[Round "4.29"]
[White "Sindarov, Javokhir"]
[Black "Novikov, Stanislav"]
[Result "1/2-1/2"]
[WhiteTitle "CM"]
[BlackTitle "GM"]
[WhiteElo "2374"]
[BlackElo "2528"]
[WhiteFideId "14205483"]
[BlackFideId "4125371"]
[EventDate "2016.07.22"]

1. e4 c5 2. Nc3 Nc6 3. g3 g6 4. Bg2 Bg7 5. d3 d6 6. Be3 Nf6 7. h3 O-O 8. Nge2
Rb8 9. a4 a6 10. O-O b5 11. axb5 axb5 12. d4 b4 13. Nd5 Nxd5 14. exd5 Nxd4 15.
Nxd4 cxd4 16. Bxd4 Bxd4 17. Qxd4 Bf5 18. Ra7 Bxc2 19. Rc1 b3 20. Re1 Re8 21. Qa4
Ra8 22. Bf1 Rxa7 23. Qxa7 Qa8 24. Qd4 Qa5 25. Re3 Qc5 26. Qxc5 dxc5 27. d6 e6
28. d7 Rd8 29. Bb5 c4 30. Rc3 Bd3 31. Ba4 Kf8 32. Bxb3 Rxd7 33. Bxc4 Bxc4 34.
Rxc4 Rd2 35. Rb4 Ke7 36. Rb7+ Kf6 37. Kf1 h5 38. h4 e5 39. Rb6+ Kf5 40. f3 Rc2
41. Rb8 f6 42. Kg1 Rc5 43. Rb6 g5 44. hxg5 Kxg5 45. Rb8 Rc2 46. Rg8+ Kf5 47. Rh8
Kg6 48. Rg8+ Kh7 49. Rb8 Kg7 50. Rb7+ Kg6 51. Rb8 Kg7 1/2-1/2

[Event "27th Czech Open A 2016"]
[Site "Pardubice CZE"]
[Date "2016.07.25"]
[Round "4.30"]
[White "Spalir, Jernej"]
[Black "Alsina Leal, Daniel"]
[Result "0-1"]
[WhiteTitle "FM"]
[BlackTitle "GM"]
[WhiteElo "2364"]
[BlackElo "2521"]
[WhiteFideId "14606518"]
[BlackFideId "2252627"]
[EventDate "2016.07.22"]

1. d4 Nf6 2. Nf3 g6 3. c4 Bg7 4. Nc3 d5 5. Bf4 O-O 6. e3 c5 7. dxc5 Ne4 8. Rc1
Nd7 9. cxd5 Qa5 10. Nd4 Nxc3 11. bxc3 Qxa2 12. Qb3 Qxb3 13. Nxb3 a5 14. c6 Nb6
15. e4 bxc6 16. dxc6 a4 17. Na1 a3 18. Bb5 Be6 19. Ke2 Bc4+ 20. Bxc4 Nxc4 21.
Nc2 f5 22. exf5 Rxf5 23. Bg3 Rc5 24. Nb4 Na5 25. c7 e5 26. f4 Re8 27. fxe5 Bxe5
28. Bxe5 Rexe5+ 29. Kd3 Rxc7 30. Rhe1 Rec5 31. Na2 Nc4 32. Kc2 Rb5 33. Nb4 Nb2
34. Re4 Na4 35. Kd2 Nc5 36. Re8+ Kf7 37. Rce1 a2 38. Ra8 Nb3+ 39. Kd3 a1=Q 40.
Rexa1 Nxa1 41. Rxa1 Rbc5 42. Rc1 Rd7+ 43. Ke3 Re5+ 44. Kf3 Ke6 45. h3 Rf7+ 46.
Kg3 Re3+ 47. Kh2 Rf2 48. Nc2 Rd3 49. Ne1 Rdd2 50. Kg1 Ra2 51. Rd1 Rfd2 52. Rb1
Kd6 53. Rb8 Kc7 54. Rb1 Kc6 55. Kf1 Rf2+ 56. Kg1 Rfb2 57. Rd1 Rd2 58. Rb1 Kd5
59. Rb7 h5 60. Kf1 Rf2+ 61. Kg1 Rfb2 62. Rd7+ Ke6 63. Rd1 Rd2 64. Rb1 Kd7 65.
Kf1 Rf2+ 66. Kg1 Rfb2 67. Rd1+ Kc6 68. Rd8 Kc7 69. Rg8 Rb1 70. Re8 Ra3 71. Kf1
Rxc3 72. Re6 Kd7 73. Re2 Rcb3 74. Rd2+ Ke7 75. Re2+ Kf7 76. Rf2+ Ke7 77. Re2+
Kf7 78. Rf2+ Kg7 79. Re2 R3b2 80. Re3 Rb3 81. Re2 Rb6 82. Kg1 R6b2 83. Re3 Ra2
84. Kf1 Ra6 85. Kf2 Rb2+ 86. Kg1 Raa2 87. Rc3 Rb1 88. Re3 Kf6 89. Rf3+ Ke5 90.
Re3+ Kf5 91. Re8 h4 92. Kf1 Kf4 93. Kg1 Ra4 94. Kf2 Ra2+ 95. Kg1 Raa1 96. Kf2
Rb2+ 97. Kg1 Kf5 98. Rf8+ Ke6 99. Re8+ Kf7 100. Re3 Rb6 101. Kf2 Re6 102. Rxe6
Kxe6 103. Nf3 Ra4 104. Kg1 Kf5 105. Kh2 g5 106. Nd2 Kf4 107. Nf3 Rb4 108. Ng1
Rc4 109. Nf3 Re4 110. Nd2 Rd4 111. Nf1 Rd1 112. Kg1 Ra1 113. Kf2 Ra2+ 114. Kg1
Ke4 115. Nh2 Ke3 116. Nf3 Ra5 117. Kh2 Rf5 118. Ne1 Kd2 119. Nf3+ Rxf3 0-1

[Event "27th Czech Open A 2016"]
[Site "Pardubice CZE"]
[Date "2016.07.25"]
[Round "4.31"]
[White "Kovalev, Andrei"]
[Black "Tomazini, Aljosa"]
[Result "1/2-1/2"]
[WhiteTitle "GM"]
[BlackTitle "FM"]
[WhiteElo "2513"]
[BlackElo "2359"]
[WhiteFideId "13500023"]
[BlackFideId "14608154"]
[EventDate "2016.07.22"]

1. e4 c5 2. Nf3 e6 3. Nc3 Nc6 4. Be2 Qc7 5. O-O Nf6 6. d4 cxd4 7. Nxd4 Be7 8.
Be3 d6 9. Ndb5 Qb8 10. a4 b6 11. Bg5 O-O 12. Bxf6 Bxf6 13. Qxd6 Qxd6 14. Nxd6
Nb4 15. Rac1 Rd8 16. Rfd1 Bxc3 17. bxc3 Na2 18. Nb5 Ba6 19. Rxd8+ Rxd8 20. Ra1
Bxb5 21. axb5 Nxc3 22. Bd3 Rd7 23. f3 g6 24. Kf2 Kf8 25. Ke3 e5 26. g3 Ke7 27.
f4 Kd6 28. h4 Kc5 29. fxe5 Nxb5 30. Ra4 Kc6 31. Bc4 Nc7 32. Rxa7 Kc5 33. Bb3
Nd5+ 34. exd5 Rxa7 35. Ke4 Ra1 36. d6 Re1+ 37. Kf4 Kc6 38. g4 Kd7 39. Ba4+ Ke6
40. Bb3+ Kd7 41. Ba4+ Ke6 42. Bb3+ Kd7 43. h5 gxh5 44. gxh5 h6 45. Bc4 f6 46.
Bb5+ Ke6 47. Bc4+ Kd7 48. Bb5+ Ke6 49. Bc4+ 1/2-1/2

[Event "27th Czech Open A 2016"]
[Site "Pardubice CZE"]
[Date "2016.07.25"]
[Round "4.32"]
[White "Kvetny, Mark"]
[Black "Schlosser, Philipp"]
[Result "0-1"]
[WhiteTitle "FM"]
[BlackTitle "GM"]
[WhiteElo "2379"]
[BlackElo "2509"]
[WhiteFideId "24603929"]
[BlackFideId "4600169"]
[EventDate "2016.07.22"]

1. d4 d5 2. c4 e6 3. Nc3 Be7 4. cxd5 exd5 5. Bf4 c6 6. e3 Bf5 7. g4 Be6 8. Bd3
Nd7 9. h4 Bxh4 10. Qb3 g5 11. Rxh4 gxf4 12. Nf3 fxe3 13. Qxb7 Ne7 14. fxe3 Rb8
15. Qxa7 Ng6 16. Bxg6 fxg6 17. O-O-O O-O 18. Ne5 Qxh4 19. Nxd7 Qe7 20. Nxf8 Qxa7
21. Nxe6 Qe7 0-1

[Event "27th Czech Open A 2016"]
[Site "Pardubice CZE"]
[Date "2016.07.25"]
[Round "4.33"]
[White "Gundavaa, Bayarsaikhan"]
[Black "Kulkarni, Bhakti"]
[Result "1-0"]
[WhiteTitle "GM"]
[BlackTitle "CM"]
[WhiteElo "2503"]
[BlackElo "2363"]
[WhiteFideId "4901045"]
[BlackFideId "5019516"]
[EventDate "2016.07.22"]

1. Nf3 d5 2. c4 d4 3. g3 Nc6 4. Bg2 e5 5. d3 Nf6 6. O-O a5 7. e3 Be7 8. Na3 O-O
9. exd4 exd4 10. Nb5 Bg4 11. h3 Bh5 12. g4 Bg6 13. Nh4 Nd7 14. Nxg6 fxg6 15.
Bd5+ Kh8 16. Bxc6 bxc6 17. Nxd4 Rf6 18. Qe2 Nc5 19. Be3 Rd6 20. Rad1 Bf6 21. Nb5
cxb5 22. Bxc5 Rc6 23. d4 bxc4 24. Qxc4 Be7 25. Qb5 Qd5 26. Rc1 Bxc5 27. dxc5 Rf8
28. Qxa5 h5 29. Rc3 Qd4 30. Qb5 Rcf6 31. Qd3 Qb4 32. b3 hxg4 33. Rc4 Qb5 34.
hxg4 Rf4 35. Qxg6 Rxc4 36. Qh5+ Kg8 37. Qd5+ Kh8 38. bxc4 Qb2 39. Kg2 g6 40.
Rh1+ Kg7 41. Qd7+ 1-0

[Event "27th Czech Open A 2016"]
[Site "Pardubice CZE"]
[Date "2016.07.25"]
[Round "4.34"]
[White "Plat, Vojtech"]
[Black "Wallner, Joachim"]
[Result "1-0"]
[WhiteTitle "IM"]
[BlackTitle "FM"]
[WhiteElo "2498"]
[BlackElo "2333"]
[WhiteFideId "325740"]
[BlackFideId "1608720"]
[EventDate "2016.07.22"]

1. c4 Nf6 2. Nc3 e5 3. Nf3 Nc6 4. e3 d6 5. d4 exd4 6. exd4 Bg4 7. Be2 Be7 8. h3
Bh5 9. d5 Bxf3 10. Bxf3 Ne5 11. Be2 O-O 12. O-O Nfd7 13. Rb1 a5 14. a3 c5 15.
dxc6 bxc6 16. f4 Ng6 17. Be3 Re8 18. Bf3 Qc7 19. g3 Bf6 20. Ne4 Rab8 21. Bf2 d5
22. cxd5 cxd5 23. Qxd5 Bxb2 24. Nd6 1-0

[Event "27th Czech Open A 2016"]
[Site "Pardubice CZE"]
[Date "2016.07.25"]
[Round "4.35"]
[White "Drnovsek, Gal"]
[Black "Pardo Simon, David"]
[Result "1-0"]
[WhiteTitle "FM"]
[BlackTitle "IM"]
[WhiteElo "2359"]
[BlackElo "2492"]
[WhiteFideId "14607077"]
[BlackFideId "2296276"]
[EventDate "2016.07.22"]

1. c4 Nf6 2. a3 b6 3. d4 Bb7 4. d5 g6 5. Nc3 Bg7 6. e4 d6 7. f4 O-O 8. Nf3 e6 9.
Bd3 exd5 10. cxd5 c6 11. dxc6 Bxc6 12. O-O Nbd7 13. Nd4 Bb7 14. Nb3 Re8 15. Re1
Rc8 16. Bd2 Nc5 17. Bb5 Re7 18. Nxc5 bxc5 19. Bd3 c4 20. Bc2 Qb6+ 21. Be3 Qxb2
22. Bd4 Ne8 23. e5 dxe5 24. Ra2 Qxa2 25. Nxa2 Rd7 26. fxe5 Bf8 27. Qb1 Bxg2 28.
Kxg2 Rxd4 29. Rd1 Rxd1 30. Qxd1 Bxa3 31. Qd7 Rb8 32. Qxa7 Rb2 33. Qxa3 Rxc2+ 34.
Kg3 Nc7 35. Nb4 Re2 36. Nc6 Nd5 37. Qc5 Ne3 38. Kf3 Re1 39. Kf2 Nc2 40. Qxc4 Rh1
41. Ne7+ Kf8 42. Qc5 Kg7 43. Qc6 Rxh2+ 44. Kg3 Re2 45. Qf6+ Kf8 46. Nc8 Kg8 47.
Nd6 Re3+ 48. Kf2 1-0

[Event "27th Czech Open A 2016"]
[Site "Pardubice CZE"]
[Date "2016.07.25"]
[Round "4.36"]
[White "Sabuk, Piotr"]
[Black "Zumsande, Martin"]
[Result "1/2-1/2"]
[WhiteTitle "IM"]
[BlackTitle "IM"]
[WhiteElo "2363"]
[BlackElo "2487"]
[WhiteFideId "1137565"]
[BlackFideId "4651324"]
[EventDate "2016.07.22"]

1. d4 d5 2. c4 e6 3. Nf3 Nf6 4. g3 dxc4 5. Bg2 Bd7 6. Ne5 Bc6 7. Nxc6 Nxc6 8.
O-O Qd7 9. e3 O-O-O 10. Qa4 Nd5 11. Qxc4 h5 12. Bd2 h4 13. Rc1 hxg3 14. hxg3 f5
15. Nc3 Kb8 16. b4 Nce7 17. a4 Nxc3 18. Rxc3 Nd5 19. Rb3 g5 20. b5 f4 21. e4 Nb6
22. Qc1 Qxd4 23. Bc3 Qc4 24. Be5 Qxc1+ 25. Rxc1 Rh7 26. a5 Nc8 27. gxf4 gxf4 28.
Bxf4 Bh6 29. Bxh6 Rxh6 30. Rbc3 Rd7 31. e5 Rg6 32. Kf1 Rg5 33. Re3 Rdg7 34. Rg3
Rxg3 35. fxg3 Rxg3 36. a6 bxa6 37. bxa6 Re3 38. Rd1 Rxe5 39. Rd8 c6 40. Rd7 Rf5+
41. Ke1 Rb5 42. Bxc6 Rb6 43. Bf3 Nd6 44. Be2 Ne4 45. Bc4 Nc5 46. Rd8+ Kc7 47.
Ra8 Rb4 48. Be2 Kb6 49. Rb8+ Ka5 50. Ra8 Ne4 51. Bd3 Rd4 52. Bf1 Rd7 53. Rb8 Nd6
54. Kd2 Rc7 55. Ke3 e5 56. Bd3 Rc8 57. Rxc8 Nxc8 58. Ke4 Ne7 59. Kxe5 Nc6+ 60.
Ke4 Nb4 1/2-1/2

[Event "27th Czech Open A 2016"]
[Site "Pardubice CZE"]
[Date "2016.07.25"]
[Round "4.37"]
[White "Pultinevicius, Paulius"]
[Black "Simacek, Pavel"]
[Result "1-0"]
[BlackTitle "IM"]
[WhiteElo "2325"]
[BlackElo "2470"]
[WhiteFideId "12809390"]
[BlackFideId "307165"]
[EventDate "2016.07.22"]

1. Nf3 f5 2. d3 d6 3. e4 e5 4. Nc3 Nf6 5. Bg5 Be7 6. exf5 Bxf5 7. d4 e4 8. Nh4
Bc8 9. g3 Bg4 10. Be2 Bh3 11. Bh5+ g6 12. Be2 c6 13. Qd2 Nbd7 14. f3 exf3 15.
Bxf3 Qa5 16. O-O-O O-O-O 17. Rhe1 Rhe8 18. Kb1 Kb8 19. Re2 Bf8 20. Rde1 Rxe2 21.
Rxe2 Re8 22. Rxe8+ Nxe8 23. Qf4 Nc7 24. Bd8 Kc8 25. Bxc7 Kxc7 26. Bg4 g5 27. Qf5
Qxf5 28. Bxf5 Bf1 29. Nf3 h6 30. Kc1 Bg7 31. Kd2 b5 32. b3 Nb6 33. Nd1 Bg2 34.
Ne1 Bd5 35. c3 a5 36. Ne3 Bf7 37. Kd3 c5 38. dxc5 dxc5 39. c4 bxc4+ 40. Nxc4 a4
41. Nxb6 Kxb6 42. Kc2 Bd5 43. h4 Bd4 44. hxg5 hxg5 45. g4 Kc6 46. Nd3 Kd6 47.
Nb2 axb3+ 48. axb3 Bf3 49. Nc4+ Kd5 50. Kd3 Bf6 51. Nb6+ Kc6 52. Nc4 Kb5 53. Nd2
Kb4 54. Nxf3 Kxb3 55. Be6+ Kb4 56. Bd5 Bd8 57. Ne5 Bc7 58. Ke4 Kc3 59. Be6 Ba5
60. Kf5 Bd8 61. Nc6 Bc7 62. Kxg5 Bg3 63. Kf5 Bh4 64. g5 Bxg5 65. Kxg5 c4 66. Kf5
Kd3 67. Ne5+ Kd4 68. Nxc4 Kd3 69. Ke5 Kc3 70. Ke4 Kc2 71. Kd4 Kb3 72. Ne3+ Kb2
73. Kc4 Kb1 74. Kc3 Kc1 75. Nc2 Kb1 76. Bc4 Kc1 77. Ba2 Kd1 78. Nd4 Ke1 79. Kd3
Kf2 80. Ke4 Kg3 81. Kf5 Kf2 82. Ke4 Kg3 83. Nf3 Kg4 84. Bf7 Kg3 85. Bh5 Kf2 86.
Kd3 Kg2 87. Ke2 Kg3 88. Ke3 Kh3 89. Kf4 Kg2 90. Ne5 Kf2 91. Nd3+ Kg2 92. Bf3+
Kh3 93. Nf2+ Kh4 94. Ne4 Kh3 95. Ng3 Kh4 96. Nf5+ Kh3 97. Ke3 Kh2 98. Kf2 Kh3
99. Be2 Kh2 100. Bg4 Kh1 101. Ng3+ Kh2 102. Nf1+ Kh1 103. Bf3# 1-0

[Event "27th Czech Open A 2016"]
[Site "Pardubice CZE"]
[Date "2016.07.25"]
[Round "4.38"]
[White "Gavrilov, Alexei1"]
[Black "Warakomska, Anna"]
[Result "1/2-1/2"]
[WhiteTitle "GM"]
[BlackTitle "WIM"]
[WhiteElo "2465"]
[BlackElo "2321"]
[WhiteFideId "4104358"]
[BlackFideId "1130790"]
[EventDate "2016.07.22"]

1. d4 d5 2. c4 c6 3. Nf3 Nf6 4. e3 Bg4 5. Qb3 Qb6 6. Nc3 e6 7. Nh4 Be7 8. h3 Bh5
9. g4 Bg6 10. Nxg6 hxg6 11. Bg2 g5 12. O-O Nbd7 13. Rd1 Qb4 14. Qxb4 Bxb4 15.
cxd5 exd5 16. f3 Nf8 17. Bd2 O-O-O 18. a3 Be7 19. Ne2 Ne6 20. Kf2 Ne8 21. Nc1
Nd6 22. Nd3 Nc4 23. Bc3 Kb8 24. a4 Bf6 25. b3 Nd6 26. Rac1 Rhe8 27. Bf1 Nc8 28.
b4 Nd6 29. Nc5 Nc7 30. Ba1 b5 31. Re1 Be7 32. e4 a6 33. axb5 axb5 34. Bc3 Nc4
35. Ra1 Bxc5 36. bxc5 Kb7 37. Reb1 Ra8 38. Bd3 Rxa1 39. Rxa1 Ra8 40. Rxa8 Kxa8
41. Kg3 Ne6 42. exd5 cxd5 43. h4 gxh4+ 44. Kxh4 g5+ 45. Kg3 Nf4 46. Bf1 Kb7 47.
Kf2 Kc6 48. Ke1 Ne3 1/2-1/2

[Event "27th Czech Open A 2016"]
[Site "Pardubice CZE"]
[Date "2016.07.25"]
[Round "4.39"]
[White "Raja, Harshit"]
[Black "Gurevich, Daniel"]
[Result "0-1"]
[BlackTitle "IM"]
[WhiteElo "2351"]
[BlackElo "2459"]
[WhiteFideId "5089000"]
[BlackFideId "2044676"]
[EventDate "2016.07.22"]

1. e4 c6 2. Nc3 d5 3. Nf3 Nf6 4. e5 Ne4 5. Ne2 Qb6 6. d4 e6 7. Nfg1 f6 8. f3 Ng5
9. exf6 gxf6 10. f4 Nf7 11. Nf3 e5 12. fxe5 fxe5 13. Ng3 Bg4 14. Be2 Bxf3 15.
Bxf3 Qxd4 16. Qxd4 exd4 17. Nf5 Nd7 18. Nxd4 Bg7 19. Ne6 Be5 20. O-O Ke7 21. Bh5
Nf6 22. Bxf7 Kxf7 23. Ng5+ Kg6 24. Nf3 Rae8 25. c3 Rhf8 26. Nh4+ Kh5 27. Rf5+
Kxh4 28. Bg5+ Kg4 29. Raf1 Nd7 30. h3+ Kh5 31. Bf6+ Kg6 32. Rg5+ Kh6 0-1